000 00955nam a2200241Ia 4500
001 dia_4139
003 CHAP
005 20251014144002.0
008 220601s9999 xx 000 0 und d
040 _amxchpua
_erda
090 _aFOLLETO 2479
100 1 _aGómez Cruz, Manuel Ángel
_949661
245 _aLa producción de hortalizas de México y el tratado de libre comercio con EUA y Canadá / Manuel Ángel Gómez Cruz, Rita Schwentesius Rinderman y Alejandro Merino Sepulveda
260 _aChapingo, México : UACh, Centro de Investigaciones Economicas, Sociales y Tecnológicas
300 _a19 p.
500 _aS/c (Reporte de investigación, 6)
650 _a1. Hortalizas2. Tratado de libre comercio
_9176001
700 _aSchwentesius Rinderman, Rita y Merino Sepulveda, AlejandroÌ
_9176002
901 _aFOLLETO 2479
902 _aM
905 _a0000001991 mx A 0000000000spa00
942 _cFOLL
_2local
999 _c209464
_d209464